00341nam a2200121 a 45000010005000000030005000050050017000100080041000270400020000681000026000882450085001142600020001992468CDMR20130116135232.0130130s1972||||||||||||||||||||||||||||d aCDMRbcatcCDMR1 aLópez Oliva, Emilio14aLas revistas teatrales publicadas en BarcelonacEmilio Lopez-Oliva y Lopez-Oliva aBarcelonac1972